| 000 | 00754nam a22002417a 4500 | ||
|---|---|---|---|
| 003 | UA-OsUOA | ||
| 001 | 25468 | ||
| 007 | ta | ||
| 008 | 20040415b un ||||| |||| 00| 0 ukr d | ||
| 090 |
_a34(094):347.9(477) _bУ45 |
||
| 942 | _cBK | ||
| 040 |
_aUA-OsUOA _bukr _cUA-OsUOA _dUA-OsUOA |
||
| 245 |
_aУкраїна.Закони _bЦивільний процесуальний кодекс України: офіц.текст із змінами та доп. станом на 1 вересня 1997 р. _cУпор. А.Ришелюк |
||
| 300 | _a248 с. | ||
| 955 | _a0 | ||
| 041 | _aukr | ||
| 080 | _a34(094):347.9(477) | ||
| 020 | _a966-7231-11-9 | ||
| 260 |
_aУжгород _bІВА _c1997 |
||
| 044 | _aUA | ||
| 650 | 7 | _2UDC | |
| 999 |
_c311766 _d311766 |
||